Rides at Busch Gardens Virginia Quiz Stats

 Plays Quiz not verified by Sporcle

Challenge
Share
Tweet
Embed
Score 0/22 Timer 08:00
0 Plays Today
% Correct
Loch Ness Monster
90.6%
Apollo's Chariot
84.8%
Big Bad Wolf
78.4%
Alpengeist
74.8%
Griffon
72.3%
Escape from Pompeii
52%
Roman Rapids
45.3%
Da Vinci's Cradle
37.1%
The Battering Ram
35%
Le Scoot
34.3%
The Curse of DarKastle
33.1%
% Correct
Europe in the Air
24.3%
The Flying Machine
23.4%
Train
20.1%
The Trade Wind
19.5%
Skyride
19.1%
Turkish Delight
17.3%
Der Autobahn
14.9%
Der Wirbelwind
14.9%
Rhine River Cruise
8.8%
Kinder Karussel
8.2%
Der Katapult
7%

You're not logged in!

Compare scores with friends on all Sporcle quizzes.
Join for Free
OR
Log In

You Might Also Like...

Show Comments

Extras

Created Jun 6, 2010ReportNominate
Tags:busch, garden, ride, virginia

Top Quizzes Today


Score Distribution

Your Account Isn't Verified!

In order to create a playlist on Sporcle, you need to verify the email address you used during registration. Go to your Sporcle Settings to finish the process.

Report this User

Report this user for behavior that violates our Community Guidelines.

Details: